00505nam a22001577a 450000500170000000800410001702000150005804100130007308200150008610000260010124500950012725000190022226000480024130000330028965000250032220231128073423.0231128b |||||||| |||| 00| 0 eng d a0702112526 aEnglish  a346.6 BAM  aBamford, B lEnglish  aBamford on the Law of Partnership and Voluntary Association in South Africa / cB Bamford  aThird Edition  aCape Town : bJuta and Company Ltd, c1982  bxlvii, 274 pages ; c26 cm.  aLegal practice bLaw